| 000 | 00471nam a2200133 i 4500 | ||
|---|---|---|---|
| 001 | 190273 | ||
| 003 | ES-MaACL | ||
| 005 | 20230906223702.0 | ||
| 008 | 201007s1877 sp |||| | spa d | ||
| 245 | 0 | 0 | _aMemoria que presenta al Excmo. Sr. Director General la Comisión del Cuerpo de Telégrafos, encargada de adquirir material en el extranjero. |
| 260 |
_aMadrid : _b[s.n.], _c1877 ( _fTip. Manuel Minuesa) |
||
| 300 |
_a26 p. ; _c22 cm. |
||
| 852 |
_aES-MaACL _jT-271-F-7 |
||
| 999 |
_c190273 _d190273 |
||